000 00990naa a22002657a 4500
001 BR8107387
003 BR-BrBNA
005 20240918175049.0
007 ta
008 230509b bl.||||| |||| 00| 0 por d
040 _aBR-BrBNA
_bpor
_cBiblioteca Nacional de Agricultura
041 _a(Pt)
072 _aE15; E50
_b/G514
090 _aE15 BR8107387
100 1 _aMedeiros, L.S. de
111 1 _a6. Reuniao Nacional sobre Mao-de-Obra Volante na Agricultura
_cBotucatu, SP (Brazil)
_d11-12 Dec 1980
245 1 _aA CONTAG e os sindicatos [Confederacao Nacional dos Trabalhadores na Agricultura, Brasil]
260 3 _aBotucatu, SP (Brasil):
_c1981.
500 _aMao-de-obra volante na agricultura Botucatu, SP (Brasil): 1981. p. 36-55 (BR8107387-AM)E15
650 _aTRABALHADOR RURAL
650 _aSINDICATO
773 0 _tMao-de-obra volante na agricultura
_wE15 BR8107387
_gBotucatu, SP (Brasil), 1981. p. 36-55
909 _a202404
_bLucia
_c55
_dLucia Elande
942 _cAM
_2AGRIS
999 _c314802
_d314802